Planning by network (Record no. 53702)

MARC details
000 -LEADER
fixed length control field 00544nam a2200145 a 4500
008 - FIXED-LENGTH DATA ELEMENTS--GENERAL INFORMATION
fixed length control field 120416s1977 ||||||||||||||||| || u
050 ## - LIBRARY OF CONGRESS CALL NUMBER
Classification number T 57.85 Woo
100 ## - MAIN ENTRY--PERSONAL NAME
Personal name Woodgate, Harry Samuel
245 10 - TITLE STATEMENT
Title Planning by network
246 ## - VARYING FORM OF TITLE
Title proper/short title project planning and control using network techniques
260 ## - PUBLICATION, DISTRIBUTION, ETC.
Place of publication, distribution, etc. London
Name of publisher, distributor, etc. Business Books
Date of publication, distribution, etc. 1977
300 ## - PHYSICAL DESCRIPTION
Extent xii, 322p. : ill.
350 ## - PRICE (NR) (BK AM CF MU VM SE) [OBSOLETE]
Price 0.00
995 ## - RECOMMENDATION 995 [LOCAL, UNIMARC FRANCE]
-- 0.00
-- CBU-MAIN LIBRARY (Kitwe)
-- 1
-- 10.00
-- 1
-- AVAILABLE
-- Main Library Open Access Collection
Holdings
Withdrawn status Lost status Source of classification or shelving scheme Damaged status Not for loan Home library Current library Shelving location Date acquired Total Checkouts Full call number Barcode Date last seen Price effective from Koha item type
          CBU-MAIN LIBRARY, KITWE. CBU-MAIN LIBRARY, KITWE.   11/30/2022   T 57.85 Woo 016178 11/30/2022 11/30/2022 MONOGRAPH